| 000 | 01031nam a2200241 a 4500 | ||
|---|---|---|---|
| 001 | 49179 | ||
| 003 | BD-RjUL | ||
| 005 | 20211209054638.0 | ||
| 008 | 160818s1964 bg ||||| |||| 00| 0 ben d | ||
| 020 | _c: PRs.4.00 | ||
| 035 | _a(BD-RjUL)49298 | ||
| 040 |
_aBD-RjUL _bben _cBD-RjUL _dBD-RjUL |
||
| 041 | _aben | ||
| 082 |
_223 _a891.4409 _bSAC 1964 |
||
| 100 |
_aশামসুদ্দীন, আবুজাফর _9147792 |
||
| 245 | 1 | 0 |
_aচিন্তার বিবর্তন ও পুর্ব-পাকিস্তানী সাহিত্য / _cআবুজাফর শামসুদ্দীন, |
| 260 |
_aঢাকা : _bপাকিস্তান কমিটি, _c১৯৬৪. |
||
| 300 |
_a১৪৪ পৃ. ; _c২৩ সেমি. |
||
| 504 | _aগ্রন্থপঞ্জি সংযুক্ত | ||
| 650 |
_aবাংলা সাহিত্য _vইতিহাস ও সমালোচনা _9122719 |
||
| 650 |
_aBengali literature _vHistory and Criticism _9122720 |
||
| 942 |
_2ddc _cBK |
||
| 999 |
_c49179 _d49179 |
||